Statistiques concernant Top 10 des Etats des Etats-Unis qui ont le plus de fermes

Cliquez ici pour prendre le quiz!

Statistiques générales

  • Ce quiz a été pris 74 fois
  • Le résultat moyen est 3 sur 10

Statistiques - réponses

Nombre de fermesEtat% Correct
246 000Texas
96%
68 400Californie
66%
76 500Ohio
32%
84 900Iowa
27%
77 200Oklahoma
25%
95 000Missouri
23%
70 700Illinois
21%
67 100Minnesota
16%
69 500Tennessee
16%
73 500Kentucky
11%

Distribution des résultats

Percentile par nombre de réponses

% des personnes avec chaque résultat

Votre développement - résultats

Vous n’avez pas pris ce quiz